Normal view
MARC view
- FARRUKH,SALMAN, SAMEER
Entry Personal Name
001 - CONTROL NUMBER
- control field: 72343
003 - CONTROL NUMBER IDENTIFIER
- control field: NUST
005 - DATE AND TIME OF LATEST TRANSACTION
- control field: 20210628204759.0
008 - FIXED-LENGTH DATA ELEMENTS
- fixed length control field: 210628|| aca||aabn | a|a d
040 ## - CATALOGING SOURCE
- Original cataloging agency: NUST
- Transcribing agency: NUST
100 ## - HEADING--PERSONAL NAME
- Personal name: FARRUKH,SALMAN, SAMEER
670 ## - SOURCE DATA FOUND
- Source citation: Work cat.: (NUST): FARRUKH,SALMAN, SAMEER, PR-SOF-1036-DESIGN OF A FLAPPING WING MICRO AIR VEHICLE, 2010
